000 00338nam a2200133Ia 4500
008 240624s9999 xx 000 0 und d
041 _aeng
082 _a823 GUP
100 _aGUPTA SUBHADRA SEN
245 _aSECRET DIARY OF THE WORLD S WORST COOK
260 _c2011
_aLondon
_bPuffin Books
300 _a163p. ; 20cm.
365 _cRS
_b25
999 _c19993
_d19993